Alternativas campesinas: modernización en el agro y movimiento campesino en Centroamérica /
שמור ב:
| מחבר ראשי: | |
|---|---|
| מחברים אחרים: | , |
| פורמט: | לא ידוע |
| יצא לאור: |
Managua:
Latino Editores. CRIES
|
| נושאים: | |
| תגים: |
הוספת תג
אין תגיות, היה/י הראשונ/ה לתייג את הרשומה!
|
MARC
| LEADER | 00000 a2200000 04500 | ||
|---|---|---|---|
| 001 | 10484 | ||
| 003 | |||
| 008 | 991231s d | ||
| 040 | |||
| 090 | |a 136503 | ||
| 100 | |a Tangermann, Klaus - Dieter | ||
| 245 | |a Alternativas campesinas: modernización en el agro y movimiento campesino en Centroamérica / |c Klaus - Dieter Tangermann | ||
| 260 | |a Managua: |b Latino Editores. CRIES | ||
| 300 | |a 320 p. | ||
| 650 | |a PRODUCTORES | ||
| 650 | |a AGRICULTURA | ||
| 650 | |a SISTEMAS POLITICOS | ||
| 650 | |a ORGANIZACIONES NO GUBERNAMENTALES | ||
| 650 | |a DESARROLLO SUSTENTABLE | ||
| 650 | |a SOCIEDAD CIVIL | ||
| 650 | |a POLITICA | ||
| 650 | |a REFORMA AGRARIA | ||
| 650 | |a EXPORTACIONES | ||
| 650 | |a PRODUCCION | ||
| 650 | |a POLITICA GUBERNAMENTAL | ||
| 700 | |a coord | ||
| 700 | |a Ríos Valdés, Ivana | ||
| 700 | |a coord | ||
| 999 | |c 11483 |d 11483 | ||
